| 000 | 01702ncm0a22003371 4500 | ||
|---|---|---|---|
| 001 | RU\NLR\ONIZ\217079 | ||
| 005 | 20250626062453.0 | ||
| 021 |
_aRU _b09-424н _909-36н |
||
| 035 | _aRU\NLR\ONIZ\Таня\5000004200\20170410135305 | ||
| 035 | _a(NLR Aleph) 011414590 | ||
| 090 |
_a11576961 _c11576961 |
||
| 100 | _a20170410d2008 |||y0rusy50 ca | ||
| 101 | 0 | _arus | |
| 102 | _aRU | ||
| 125 | _azx | ||
| 145 | 0 | _au | |
| 200 | 1 |
_aСлушание музыки _bНоты _eдля 1-3 кл. ДМШ и ДШИ _fсост. Г. А. Ушпикова |
|
| 210 |
_aСанкт-Петербург _cСоюз художников _d2008 |
||
| 215 |
_a27 с. _d21 см |
||
| 313 | _aСистематизация документа проведена по изданию - Методика классифицирования музыкальных произведений (нотных изданий) по таблицам Библиотечно-библиографических классификаций : метод. рекомендации / Гос. б-ка СССР им. В.И. Ленина.- М., 1977. Индексу ББК методических рекомендаций присваивается код ББК для научных библиотек - LBC/SL | ||
| 686 |
_aЩ905.9(2Р) _vLBC/SL _2rubbk |
||
| 701 | 1 |
_9z01790 _aУшпикова _bГ. А. _gГалина Алексеевна _4220 |
|
| 790 | 1 |
_9z01701 _aUshpikova _bG. A. _gGalina Alekseevna _4220 |
|
| 801 | 0 |
_aRU _bNLR _c20170410 _gPSBO |
|
| 801 | 1 |
_aRU _bNLR _c20170410 _2rusmarc |
|
| 801 | 2 |
_aRU _bNLR _c20170410 |
|
| 852 |
_aNLR _bМ _j2/4750 _pМОЭ 2009-36н/424н _t1 |
||
| 942 | _cSCORE | ||
| 980 | _aNB | ||
| 980 | _aONIZ | ||